[Event "41st POL-ch"]
[Site "Poznan POL"]
[Date "1984.02.??"]
[Round "10"]
[White "Swic, Waldemar"]
[Black "Balicki, Cezary"]
[Result "1/2-1/2"]
[WhiteElo "2365"]
[BlackElo "2230"]
[EventDate "1984.02.12"]
[PlyCount "83"]

1.e4 c5 2.Nf3 d6 3.d4 cxd4 4.Nxd4 Nf6 5.Nc3 e6 6.Be2 Be7 7.Be3 O-O 8.f4 a6
9.O-O Qc7 10.a4 b6 11.Bf3 Bb7 12.e5 dxe5 13.Bxb7 Qxb7 14.fxe5 Nfd7 15.Bf4 
Nc6 16.Nf3 Rad8 17.Qe2 Nc5 18.Rad1 Rxd1 19.Rxd1 Rd8 20.Rxd8+ Bxd8 21.Qc4 
a5 22.b3 Qd7 23.Be3 Be7 24.h3 Nb4 25.Qe2 Nd5 26.Nxd5 Qxd5 27.Bxc5 Bxc5+ 
28.Kf1 h6 29.Qd3 Kf8 30.Ke2 g6 31.Kd2 Ke7 32.Ke2 Kd8 33.Qd2 Qxd2+ 34.Kxd2 
Kd7 35.Kd3 Kc6 36.Kc4 Bf2 37.g4 Kd7 38.c3 Ke7 39.Kb5 f6 40.exf6+ Kxf6 41.
b4 axb4 42.cxb4 1/2-1/2

[Event "41st POL-ch"]
[Site "Poznan POL"]
[Date "1984.02.??"]
[Round "10"]
[White "Staniszewski, Piotr"]
[Black "Pokojowczyk, Jerzy"]
[Result "1-0"]
[WhiteElo "2405"]
[BlackElo "2370"]
[EventDate "1984.02.12"]
[PlyCount "82"]

1.d4 Nf6 2.c4 e6 3.Nf3 b6 4.g3 Ba6 5.Nbd2 Bb4 6.Qa4 c5 7.Bg2 Bxc4 8.dxc5 
bxc5 9.O-O Bd5 10.e4 Nxe4 11.Nxe4 Bxe4 12.a3 Bc6 13.Qc2 Ba5 14.Qxc5 Bb6 
15.Qb4 Qe7 16.Qg4 O-O 17.Bf4 Bxf3 18.Bxf3 d5 19.Rae1 Qf6 20.Bd6 Nc6 21.
Bxf8 Rxf8 22.Qa4 Na5 23.Be2 Qxb2 24.Ba6 Qb3 25.Qxb3 Nxb3 26.Rd1 Nc5 27.Bb5
Rd8 28.Kg2 d4 29.Bd3 Na4 30.f4 Ba5 31.Rb1 Bc3 32.Kf3 Nb2 33.Ke2 a5 34.Rfc1
g6 35.Bb5 Kg7 36.Rc2 h6 37.Rcxb2 Bxb2 38.Rxb2 f6 39.Bd3 Rd7 40.a4 g5 41.
Rb5 Ra7 1-0

[Event "41st POL-ch"]
[Site "Poznan POL"]
[Date "1984.02.??"]
[Round "10"]
[White "Flis, Jacek"]
[Black "Stempin, Pawel"]
[Result "1/2-1/2"]
[WhiteElo "2360"]
[BlackElo "2400"]
[EventDate "1984.02.12"]
[PlyCount "80"]

1.e4 d6 2.d4 Nf6 3.Bd3 g6 4.f4 e5 5.dxe5 dxe5 6.Nf3 exf4 7.Bxf4 Bg7 8.Nc3 
O-O 9.Qd2 Bg4 10.O-O-O Nc6 11.Bh6 Nh5 12.Bxg7 Kxg7 13.Nd5 Kg8 14.Qh6 Bxf3 
15.gxf3 Ne7 16.Nf4 Nxf4 17.Qxf4 Qd6 18.Qxd6 cxd6 19.Bc4 Rad8 20.Rd2 Nc8 
21.Bd5 Rd7 22.h4 Kg7 23.Rd3 Kf6 24.f4 Re8 25.Re1 Rde7 26.f5 Nb6 27.fxg6 
fxg6 28.Rf1+ Kg7 29.Bb3 Rf8 30.Rxf8 Kxf8 31.Rxd6 Rxe4 32.Rd8+ Kg7 33.a4 a5
34.Rd6 Nxa4 35.Rd7+ Kh6 36.Bg8 Rxh4 37.Rxh7+ Kg5 38.Rxb7 Rb4 39.Ra7 Nxb2 
40.Rxa5+ Kf4 1/2-1/2

[Event "41st POL-ch"]
[Site "Poznan POL"]
[Date "1984.02.??"]
[Round "10"]
[White "Bany, Jerzy"]
[Black "Adamski, Jan"]
[Result "1-0"]
[WhiteElo "2430"]
[BlackElo "2460"]
[EventDate "1984.02.12"]
[PlyCount "45"]

1.Nf3 Nf6 2.g3 c5 3.c4 d5 4.cxd5 Nxd5 5.Bg2 Nc6 6.d4 Bf5 7.O-O e6 8.Nc3 
Nxc3 9.bxc3 Be7 10.Be3 Qa5 11.dxc5 Bxc5 12.Nd4 Bxd4 13.cxd4 Rd8 14.Bd2 Qa3
15.e4 Bg6 16.d5 exd5 17.exd5 O-O 18.dxc6 Qb2 19.Qc1 Rxd2 20.Qxb2 Rxb2 21.
cxb7 Bd3 22.Rfd1 Ba6 23.Rab1 1-0

[Event "41st POL-ch"]
[Site "Poznan POL"]
[Date "1984.02.??"]
[Round "11"]
[White "Balicki, Cezary"]
[Black "Sznapik, Aleksander"]
[Result "1-0"]
[WhiteElo "2230"]
[BlackElo "2460"]
[EventDate "1984.02.12"]
[PlyCount "115"]

1.d4 Nf6 2.Nf3 c5 3.c4 cxd4 4.Nxd4 a6 5.Nc2 b6 6.Nc3 Bb7 7.f3 e6 8.e4 d6 
9.Be2 Nbd7 10.O-O Be7 11.Be3 O-O 12.Qd2 Qc7 13.Rfd1 Rfe8 14.Bf1 Rac8 15.
Qf2 d5 16.cxd5 exd5 17.exd5 Bd6 18.Qh4 Ne5 19.Kh1 b5 20.Bg1 Ng6 21.Qd4 Re5
22.Ne3 Rh5 23.g4 Re5 24.Ne4 Nxe4 25.fxe4 Rce8 26.Nf5 Bf8 27.Bg2 Qd8 28.Qb6
Qa8 29.Qa7 Qc8 30.Rac1 Qd7 31.Qb6 Rc8 32.Rxc8 Qxc8 33.Rf1 Re8 34.h3 Ba8 
35.Bh2 Ne5 36.Nd6 Bxd6 37.Qxd6 f6 38.g5 Nf7 39.Qc7 Nxg5 40.Rc1 Bb7 41.Qf4 
Qa8 42.Rc7 Rc8 43.h4 Rxc7 44.Qxc7 Nf7 45.Bh3 Bxd5 46.exd5 Qxd5+ 47.Bg2 
Qd1+ 48.Bg1 g5 49.Qb6 Kg7 50.Qd4 Qe2 51.Bd5 Qh5 52.Be3 Ne5 53.Bxg5 Qe2 54.
Bf4 Ng4 55.Qa7+ Kg6 56.Qg1 Kf5 57.Bg3 Qxb2 58.Qe1 1-0

[Event "41st POL-ch"]
[Site "Poznan POL"]
[Date "1984.02.??"]
[Round "11"]
[White "Adamski, Jan"]
[Black "Zolnierowicz, Krzysztof"]
[Result "0-1"]
[WhiteElo "2460"]
[BlackElo "2330"]
[EventDate "1984.02.12"]
[PlyCount "82"]

1.d4 d5 2.c4 e6 3.Nf3 c5 4.cxd5 exd5 5.g3 Nc6 6.Bg2 Nf6 7.O-O Be7 8.Be3 c4
9.Ne5 O-O 10.b3 cxb3 11.Qxb3 Na5 12.Qa4 Be6 13.Nd2 a6 14.Nb3 Nc4 15.Nxc4 
b5 16.Qa5 dxc4 17.Qxd8 Rfxd8 18.Na5 Bd5 19.Rfc1 Bxg2 20.Kxg2 Nd5 21.Bd2 
Rac8 22.a3 Rd7 23.e3 f5 24.Rc2 Bd8 25.Be1 Ne7 26.Rb1 Nc6 27.Nxc6 Rxc6 28.
a4 Rb7 29.f3 Be7 30.axb5 axb5 31.d5 Rc8 32.Bb4 Bxb4 33.Rxb4 Kf7 34.e4 fxe4
35.fxe4 Ke7 36.e5 Rc5 37.Kf3 Rd7 38.d6+ Ke6 39.Rcb2 c3 40.Rc2 Kxe5 41.Rb3 
Kd4 0-1

[Event "41st POL-ch"]
[Site "Poznan POL"]
[Date "1984.02.??"]
[Round "11"]
[White "Pokojowczyk, Jerzy"]
[Black "Nowak, Ignacy"]
[Result "1/2-1/2"]
[WhiteElo "2370"]
[BlackElo "2360"]
[EventDate "1984.02.12"]
[PlyCount "53"]

1.e4 c5 2.Nf3 e6 3.d4 cxd4 4.Nxd4 Nf6 5.Nc3 d6 6.g4 h6 7.h4 Nc6 8.Rg1 h5 
9.g5 Ng4 10.Be2 g6 11.Bxg4 hxg4 12.Nxc6 bxc6 13.Qxg4 Bg7 14.Bd2 Qb6 15.b3 
Qc5 16.Qf3 a5 17.Na4 Qxc2 18.Rc1 Qxa2 19.e5 O-O 20.exd6 Rd8 21.Qxc6 Bd7 
22.Qc2 Qxc2 23.Rxc2 Bxa4 24.bxa4 Rxd6 25.Rg4 Rd5 26.Rgc4 Bd4 27.Rc8+ 
1/2-1/2

[Event "41st POL-ch"]
[Site "Poznan POL"]
[Date "1984.02.??"]
[Round "11"]
[White "Dejkalo, Stefan"]
[Black "Staniszewski, Piotr"]
[Result "1/2-1/2"]
[WhiteElo "2335"]
[BlackElo "2405"]
[EventDate "1984.02.12"]
[PlyCount "38"]

1.d4 Nf6 2.c4 e6 3.Nf3 Bb4+ 4.Bd2 c5 5.Bxb4 cxb4 6.e3 O-O 7.Be2 d6 8.O-O 
Nc6 9.a3 bxa3 10.Nxa3 e5 11.Nb5 a5 12.Rc1 Bg4 13.dxe5 dxe5 14.h3 Bh5 15.c5
e4 16.Nfd4 Bxe2 17.Qxe2 Ne5 18.Rfd1 Nd3 19.Rc3 Nd5 1/2-1/2

[Event "41st POL-ch"]
[Site "Poznan POL"]
[Date "1984.02.??"]
[Round "11"]
[White "Sydor, Andrzej"]
[Black "Flis, Jacek"]
[Result "1/2-1/2"]
[WhiteElo "2395"]
[BlackElo "2360"]
[EventDate "1984.02.12"]
[PlyCount "45"]

1.d4 g6 2.e4 Bg7 3.c3 d6 4.Bg5 Nd7 5.Bd3 Ngf6 6.Nd2 O-O 7.Ne2 c5 8.O-O h6 
9.Bh4 g5 10.Bg3 Nh5 11.Nc4 Nxg3 12.hxg3 cxd4 13.Nxd4 Nf6 14.Ne3 Qb6 15.Qe2
Qc5 16.Rad1 a6 17.Bb1 Bd7 18.Rfe1 Rfe8 19.Ndf5 Bxf5 20.Nxf5 Rad8 21.Bc2 
Rd7 22.Ne3 e6 23.Qc4 1/2-1/2

[Event "41st POL-ch"]
[Site "Poznan POL"]
[Date "1984.02.??"]
[Round "11"]
[White "Ksieski, Zbigniew"]
[Black "Szymczak, Zbigniew"]
[Result "0-1"]
[WhiteElo "2400"]
[BlackElo "2355"]
[EventDate "1984.02.12"]
[PlyCount "106"]

1.c4 e5 2.Nc3 Nc6 3.Nf3 g6 4.d4 exd4 5.Nd5 Bg7 6.Bg5 Nce7 7.Nxd4 h6 8.Bh4 
c6 9.Nxe7 Nxe7 10.Qd2 g5 11.Bg3 d5 12.e3 O-O 13.O-O-O Nf5 14.Nxf5 Bxf5 15.
Bd3 Bxd3 16.Qxd3 Qb6 17.Rd2 Rfd8 18.Rc2 dxc4 19.Qxc4 Rd5 20.Qe2 Rad8 21.e4
Rd3 22.e5 Qa5 23.a3 Qd5 24.Kb1 Qxg2 25.Re1 Qd5 26.f4 Rd1+ 27.Rxd1 Qxd1+ 
28.Ka2 Qd5+ 29.b3 a5 30.fxg5 a4 31.Qc4 axb3+ 32.Qxb3 hxg5 33.Rf2 Qxb3+ 34.
Kxb3 Rd3+ 35.Kb2 Bf8 36.Rf5 Be7 37.a4 Rd4 38.a5 Rb4+ 39.Kc2 Ra4 40.Be1 
Ra2+ 41.Kd3 Rxh2 42.Bd2 Bd8 43.Rf1 Rh3+ 44.Ke4 Rb3 45.Rg1 Kf8 46.a6 bxa6 
47.Bxg5 Bxg5 48.Rxg5 a5 49.Rf5 Ke7 50.Rh5 Rb6 51.Rh8 Ra6 52.Kf5 a4 53.Rb8 
Ra7 0-1

[Event "41st POL-ch"]
[Site "Poznan POL"]
[Date "1984.02.??"]
[Round "12"]
[White "Zolnierowicz, Krzysztof"]
[Black "Stempin, Pawel"]
[Result "1/2-1/2"]
[WhiteElo "2330"]
[BlackElo "2400"]
[EventDate "1984.02.12"]
[PlyCount "101"]

1.e4 c5 2.Nf3 d6 3.d4 cxd4 4.Nxd4 Nf6 5.Nc3 e6 6.Be2 Be7 7.O-O Nc6 8.Kh1 
O-O 9.f4 Bd7 10.Be3 a6 11.a4 Qc7 12.Nb3 b6 13.Bd3 Nb4 14.Qf3 e5 15.f5 Bc6 
16.Nd2 Rfd8 17.Rac1 d5 18.exd5 Nbxd5 19.Nxd5 Bxd5 20.Qg3 Qc6 21.b3 b5 22.
axb5 axb5 23.Bxb5 Qxb5 24.c4 Qb7 25.cxd5 Rxd5 26.Nc4 Ra2 27.Bh6 Bf8 28.
Rce1 Rd3 29.Re3 Nh5 30.Qh3 Rxe3 31.Nxe3 Bc5 32.Qg4 Bxe3 33.Bxe3 Nf6 34.Qg3
Kh8 35.Bg5 Ne4 36.Qf3 Qa8 37.Be7 Nd2 38.Qxa8+ Rxa8 39.Rd1 Nxb3 40.f6 Ra1 
41.Rxa1 Nxa1 42.g4 h6 43.h4 Nb3 44.Kg2 Nd2 45.Bf8 gxf6 46.Bxh6 Nc4 47.Kf3 
Kh7 48.Bc1 Nd6 49.Ba3 Nb5 50.Bb2 Nd6 51.Ba3 1/2-1/2

[Event "41st POL-ch"]
[Site "Poznan POL"]
[Date "1984.02.??"]
[Round "12"]
[White "Szymczak, Zbigniew"]
[Black "Adamski, Jan"]
[Result "0-1"]
[WhiteElo "2355"]
[BlackElo "2460"]
[EventDate "1984.02.12"]
[PlyCount "86"]

1.d4 Nf6 2.c4 e6 3.Nf3 b6 4.Nc3 Bb4 5.Qc2 Bb7 6.a3 Bxc3+ 7.Qxc3 O-O 8.e3 
d6 9.b4 a5 10.b5 Nbd7 11.Bb2 Ne4 12.Qc2 f5 13.Bd3 Qe7 14.O-O Rf6 15.c5 Bd5
16.cxd6 cxd6 17.Nd2 Rh6 18.f3 Qh4 19.fxe4 fxe4 20.Bxe4 Qxh2+ 21.Kf2 Nf6 
22.Bxd5 Ng4+ 23.Ke2 exd5 24.Qf5 Qxg2+ 25.Kd3 Rf6 26.Rg1 Qxd2+ 27.Kxd2 Rxf5
28.Rxg4 Rf2+ 29.Kc3 Rc8+ 30.Kb3 a4+ 31.Ka2 Rcc2 32.Rb1 h5 33.Rg5 h4 34.Rh5
Rh2 35.Rxd5 h3 36.Rh5 g6 37.Rh4 g5 38.Rh5 Rcg2 39.d5 g4 40.Ka1 g3 41.e4 
Rxb2 42.Rxb2 Rxb2 43.Rxh3 Rb3 0-1

[Event "41st POL-ch"]
[Site "Poznan POL"]
[Date "1984.02.??"]
[Round "12"]
[White "Balicki, Cezary"]
[Black "Schmidt, Wlodzimierz"]
[Result "1/2-1/2"]
[WhiteElo "2230"]
[BlackElo "2485"]
[EventDate "1984.02.12"]
[PlyCount "20"]

1.Nf3 Nf6 2.c4 g6 3.Nc3 d5 4.d4 Bg7 5.e3 O-O 6.Be2 dxc4 7.Bxc4 Nfd7 8.O-O 
Nb6 9.Be2 Nc6 10.b3 e5 1/2-1/2

[Event "41st POL-ch"]
[Site "Poznan POL"]
[Date "1984.02.??"]
[Round "12"]
[White "Nowak, Ignacy"]
[Black "Dejkalo, Stefan"]
[Result "1/2-1/2"]
[WhiteElo "2360"]
[BlackElo "2335"]
[EventDate "1984.02.12"]
[PlyCount "82"]

1.d4 Nf6 2.c4 e6 3.Nf3 b6 4.g3 Ba6 5.b3 Bb4+ 6.Bd2 Be7 7.Nc3 Bb7 8.Bg2 O-O
9.O-O Na6 10.Qb1 d5 11.cxd5 exd5 12.Rd1 Re8 13.Qb2 Bd6 14.Bf4 Bxf4 15.gxf4
Ne4 16.e3 Qe7 17.Rac1 f6 18.a3 c6 19.Re1 Rad8 20.Ne2 Nc7 21.Ng3 Nd6 22.Kh1
Kh8 23.Rg1 Ne6 24.Nh4 Nf8 25.Qb1 g6 26.Qb2 Rc8 27.Rgd1 Red8 28.Kg1 Qf7 29.
Nf3 Qe7 30.Rc2 Nb5 31.a4 Nd6 32.Rdc1 Re8 33.a5 Nd7 34.Qa1 Nb8 35.Bf1 Rc7 
36.Nd2 Bc8 37.Bg2 Be6 38.axb6 axb6 39.Ra2 Nb5 40.Bf1 Qb4 41.Qb2 Na7 
1/2-1/2

[Event "41st POL-ch"]
[Site "Poznan POL"]
[Date "1984.02.??"]
[Round "12"]
[White "Swic, Waldemar"]
[Black "Pokojowczyk, Jerzy"]
[Result "1/2-1/2"]
[WhiteElo "2365"]
[BlackElo "2370"]
[EventDate "1984.02.12"]
[PlyCount "56"]

1.e4 c5 2.Nf3 e6 3.d4 cxd4 4.Nxd4 Nf6 5.Nc3 Bb4 6.e5 Nd5 7.Bd2 Nxc3 8.bxc3
Be7 9.Bd3 d6 10.exd6 Qxd6 11.O-O Nd7 12.Re1 O-O 13.Rb1 a6 14.Qe2 Bf6 15.h4
Nc5 16.Bg5 Nxd3 17.Qxd3 Bxd4 18.cxd4 b5 19.c4 bxc4 20.Qxc4 Bd7 21.Qc5 Qxc5
22.dxc5 Rfc8 23.Be7 Bc6 24.Bd6 Bd5 25.a3 f6 26.f4 Kf7 27.Kf2 h5 28.Rg1 Ra7
1/2-1/2

[Event "41st POL-ch"]
[Site "Poznan POL"]
[Date "1984.02.??"]
[Round "12"]
[White "Staniszewski, Piotr"]
[Black "Ksieski, Zbigniew"]
[Result "1/2-1/2"]
[WhiteElo "2405"]
[BlackElo "2400"]
[EventDate "1984.02.12"]
[PlyCount "67"]

1.d4 Nf6 2.c4 e6 3.g3 Bb4+ 4.Bd2 a5 5.Bg2 O-O 6.Nf3 b6 7.O-O Bb7 8.Bf4 Be7
9.Nc3 Ne4 10.Na4 d6 11.Nd2 Nxd2 12.Bxb7 Ra7 13.Qxd2 Rxb7 14.Nc3 Nd7 15.e4 
Bf6 16.Be3 e5 17.d5 Rb8 18.a3 Ra8 19.b4 h6 20.Rae1 Re8 21.Nb5 Bg5 22.f4 
exf4 23.gxf4 Bh4 24.Bf2 Bxf2+ 25.Qxf2 axb4 26.axb4 Ra4 27.Qb2 Nf6 28.e5 
Nh5 29.Qb3 Qh4 30.Qxa4 Qg4+ 31.Kh1 Ng3+ 32.hxg3 Qh3+ 33.Kg1 Qxg3+ 34.Kh1 
1/2-1/2

[Event "41st POL-ch"]
[Site "Poznan POL"]
[Date "1984.02.??"]
[Round "13"]
[White "Flis, Jacek"]
[Black "Bany, Jerzy"]
[Result "1/2-1/2"]
[WhiteElo "2360"]
[BlackElo "2430"]
[EventDate "1984.02.12"]
[PlyCount "27"]

1.e4 e6 2.d4 d5 3.e5 c5 4.c3 Nc6 5.Nf3 Bd7 6.a3 f6 7.Bd3 fxe5 8.Nxe5 Nxe5 
9.dxe5 Ne7 10.O-O Qc7 11.Re1 O-O-O 12.Nd2 Nc6 13.Qe2 Be7 14.Nf3 1/2-1/2

[Event "41st POL-ch"]
[Site "Poznan POL"]
[Date "1984.02.??"]
[Round "13"]
[White "Dejkalo, Stefan"]
[Black "Swic, Waldemar"]
[Result "1/2-1/2"]
[WhiteElo "2335"]
[BlackElo "2365"]
[EventDate "1984.02.12"]
[PlyCount "121"]

1.c4 g6 2.Nc3 c5 3.g3 Bg7 4.Bg2 Nc6 5.b3 e6 6.Bb2 Nge7 7.Qc1 O-O 8.Ne4 d6 
9.Bxg7 Kxg7 10.Qb2+ e5 11.f4 f5 12.Nc3 Be6 13.Nd5 Bxd5 14.cxd5 Nb4 15.Nf3 
Nexd5 16.Ng5 Nc7 17.a3 Nc6 18.Bxc6 bxc6 19.fxe5 d5 20.Nf3 Ne6 21.b4 Qb6 
22.Qc3 c4 23.e3 Rae8 24.Kf1 Kg8 25.Kg2 Re7 26.Rac1 f4 27.exf4 Rxf4 28.Rhf1
Re4 29.Rce1 Rxe1 30.Rxe1 Rf7 31.Re2 g5 32.h3 c5 33.bxc5 Qxc5 34.Qe3 Qxe3 
35.Rxe3 Rb7 36.Rc3 h6 37.Kf1 Nc5 38.Nd4 Ne4 39.Rc2 Nxg3+ 40.Kg2 Ne4 41.Nf5
Kf7 42.Nd4 Kg6 43.a4 a6 44.Kf3 Re7 45.d3 cxd3 46.Rc6+ Kf7 47.Rxh6 Rxe5 48.
Ke3 Nc5+ 49.Kd2 Re4 50.Rc6 Rxd4 51.Rxc5 Rxa4 52.Rxd5 Ra2+ 53.Kxd3 Kg6 54.
Ke3 a5 55.Kf3 Kh5 56.Rd6 a4 57.Ra6 Ra1 58.Kg3 Ra3+ 59.Kf2 Rxh3 60.Rxa4 Rb3
61.Kg2 1/2-1/2

[Event "41st POL-ch"]
[Site "Poznan POL"]
[Date "1984.02.??"]
[Round "13"]
[White "Pokojowczyk, Jerzy"]
[Black "Balicki, Cezary"]
[Result "1-0"]
[WhiteElo "2370"]
[BlackElo "2230"]
[EventDate "1984.02.12"]
[PlyCount "63"]

1.e4 c5 2.Nf3 e6 3.d4 cxd4 4.Nxd4 Nf6 5.Nc3 d6 6.g4 h6 7.h4 Nc6 8.Rg1 h5 
9.gxh5 Nxh5 10.Bg5 Qb6 11.Nb3 a6 12.Qe2 Qc7 13.O-O-O Bd7 14.Bg2 b5 15.a3 
Rc8 16.f4 b4 17.axb4 Nxb4 18.Bf3 Bb5 19.Nxb5 Qxc2+ 20.Qxc2 Rxc2+ 21.Kb1 
axb5 22.Nd4 Rc5 23.Be2 Be7 24.f5 Bxg5 25.hxg5 Nf4 26.Bxb5+ Ke7 27.Rh1 Rxh1
28.Rxh1 e5 29.Rh8 d5 30.f6+ Kd6 31.Nf5+ Kc7 32.fxg7 1-0

[Event "41st POL-ch"]
[Site "Poznan POL"]
[Date "1984.02.??"]
[Round "13"]
[White "Sydor, Andrzej"]
[Black "Zolnierowicz, Krzysztof"]
[Result "1-0"]
[WhiteElo "2395"]
[BlackElo "2330"]
[EventDate "1984.02.12"]
[PlyCount "68"]

1.d4 Nf6 2.Nf3 b6 3.e3 Bb7 4.Bd3 g6 5.O-O Bg7 6.Re1 O-O 7.e4 c5 8.d5 e6 9.
c4 b5 10.Nc3 b4 11.Ne2 d6 12.dxe6 fxe6 13.Nf4 Qe7 14.e5 dxe5 15.Rxe5 Nc6 
16.Rxe6 Qc7 17.Re1 Ng4 18.h3 Nxf2 19.Kxf2 Rxf4 20.Bxf4 Qxf4 21.Be4 Bd4+ 
22.Kf1 Rf8 23.Bd5+ Kh8 24.Re4 Qg3 25.Qe2 Qh2 26.Ke1 Qh1+ 27.Qf1 Qxf1+ 28.
Kxf1 Bxb2 29.Rae1 Bc3 30.Re8 Bg7 31.Rxf8+ Bxf8 32.Ng5 Bh6 33.Re8+ Kg7 34.
Ne4 Be3 1-0

[Event "41st POL-ch"]
[Site "Poznan POL"]
[Date "1984.02.??"]
[Round "13"]
[White "Stempin, Pawel"]
[Black "Szymczak, Zbigniew"]
[Result "1-0"]
[WhiteElo "2400"]
[BlackElo "2355"]
[EventDate "1984.02.12"]
[PlyCount "49"]

1.d4 Nf6 2.c4 c5 3.d5 e5 4.Nc3 d6 5.e4 Be7 6.Bd3 Nbd7 7.Nge2 Nf8 8.O-O Ng6
9.Rb1 O-O 10.a3 Nh5 11.Ng3 Nhf4 12.Nf5 Bg5 13.Bc2 h6 14.g3 Nh3+ 15.Kg2 
Bxc1 16.Qxc1 Ng5 17.Nb5 Bxf5 18.exf5 Ne7 19.f4 exf4 20.Qxf4 Nc8 21.f6 Qxf6
22.Qxf6 gxf6 23.h4 Nh7 24.Bxh7+ Kxh7 25.Rxf6 1-0

[Event "41st POL-ch"]
[Site "Poznan POL"]
[Date "1984.02.??"]
[Round "13"]
[White "Ksieski, Zbigniew"]
[Black "Nowak, Ignacy"]
[Result "1/2-1/2"]
[WhiteElo "2400"]
[BlackElo "2360"]
[EventDate "1984.02.12"]
[PlyCount "32"]

1.d4 Nf6 2.c4 g6 3.Nf3 Bg7 4.g3 O-O 5.Bg2 d6 6.O-O c6 7.Nc3 Qa5 8.h3 Be6 
9.d5 cxd5 10.Nd4 dxc4 11.Nxe6 fxe6 12.Bxb7 Na6 13.Bxa8 Rxa8 14.e4 Nc5 15.
Bd2 Qb6 16.Qc2 Qb7 1/2-1/2

[Event "41st POL-ch"]
[Site "Poznan POL"]
[Date "1984.02.??"]
[Round "14"]
[White "Schmidt, Wlodzimierz"]
[Black "Pokojowczyk, Jerzy"]
[Result "1/2-1/2"]
[WhiteElo "2485"]
[BlackElo "2370"]
[EventDate "1984.02.12"]
[PlyCount "46"]

1.d4 Nf6 2.c4 e6 3.Nf3 b6 4.g3 Ba6 5.b3 Bb4+ 6.Bd2 Be7 7.Nc3 d5 8.cxd5 
Nxd5 9.e4 Nxc3 10.Bxc3 Bxf1 11.Kxf1 O-O 12.Kg2 Nd7 13.Qe2 Re8 14.Rhd1 c6 
15.Rd3 Qc7 16.Rad1 Rad8 17.Nd2 c5 18.Nc4 cxd4 19.Bxd4 Nc5 20.Qg4 g6 21.
R3d2 f5 22.exf5 exf5 23.Qf3 Ne4 1/2-1/2

[Event "41st POL-ch"]
[Site "Poznan POL"]
[Date "1984.02.??"]
[Round "14"]
[White "Zolnierowicz, Krzysztof"]
[Black "Flis, Jacek"]
[Result "1/2-1/2"]
[WhiteElo "2330"]
[BlackElo "2360"]
[EventDate "1984.02.12"]
[PlyCount "31"]

1.e4 c6 2.d4 d5 3.exd5 cxd5 4.c4 Nf6 5.Nc3 g6 6.Bg5 Bg7 7.Nf3 O-O 8.Bxf6 
Bxf6 9.Nxd5 Bg7 10.Nc3 Bg4 11.Be2 Nc6 12.d5 Bxf3 13.Bxf3 Na5 14.Be2 Rc8 
15.Qa4 Bxc3+ 16.bxc3 1/2-1/2

[Event "41st POL-ch"]
[Site "Poznan POL"]
[Date "1984.02.??"]
[Round "14"]
[White "Sznapik, Aleksander"]
[Black "Bany, Jerzy"]
[Result "1/2-1/2"]
[WhiteElo "2460"]
[BlackElo "2430"]
[EventDate "1984.02.12"]
[PlyCount "25"]

1.e4 e6 2.d4 d5 3.Nd2 c5 4.Ngf3 Nc6 5.exd5 exd5 6.Bb5 Bd6 7.dxc5 Bxc5 8.
O-O Ne7 9.Nb3 Bd6 10.Nbd4 O-O 11.Be3 Bg4 12.Be2 Re8 13.c3 1/2-1/2

[Event "41st POL-ch"]
[Site "Poznan POL"]
[Date "1984.02.??"]
[Round "14"]
[White "Balicki, Cezary"]
[Black "Dejkalo, Stefan"]
[Result "1/2-1/2"]
[WhiteElo "2230"]
[BlackElo "2335"]
[EventDate "1984.02.12"]
[PlyCount "174"]

1.d4 Nf6 2.c4 e6 3.Nf3 b6 4.g3 Bb7 5.Bg2 Be7 6.O-O O-O 7.Nc3 Ne4 8.Qc2 
Nxc3 9.Qxc3 f5 10.Nh4 Bxg2 11.Nxg2 Bf6 12.Qd3 Nc6 13.e3 Qe8 14.Bd2 e5 15.
Bc3 Qf7 16.Rad1 Rad8 17.b4 e4 18.Qe2 Ne7 19.b5 Rfe8 20.Bb4 Ng6 21.Rc1 Be7 
22.a3 c6 23.Rc3 Rc8 24.Rfc1 Rc7 25.h4 Rec8 26.bxc6 dxc6 27.Bxe7 Nxe7 28.
Nf4 Ng6 29.Nxg6 Qxg6 30.a4 c5 31.d5 Rf8 32.Qd2 a5 33.Rb3 Rd7 34.Rcb1 Rd6 
35.Qb2 Rff6 36.Qe5 h5 37.Qf4 Qg4 38.Kg2 Kf8 39.Rf1 Qg6 40.Qe5 Qg4 41.Rb2 
Qf3+ 42.Kg1 Rg6 43.Re1 Rgf6 44.Qf4 Qg4 45.Kg2 Kg8 46.Rf1 Qg6 47.Qe5 Qf7 
48.f3 Rd8 49.Rd2 Re8 50.Qf4 Qd7 51.d6 exf3+ 52.Qxf3 Rxd6 53.Rxd6 Qxd6 54.
Qxf5 Qc6+ 55.Kh2 Qe6 56.Qxh5 Re7 57.Rd1 Re8 58.Rd3 Rc8 59.Qd5 Qxd5 60.Rxd5
Re8 61.Rd3 Re4 62.Rc3 Re6 63.Kg2 Rd6 64.Kf3 Rd2 65.Rb3 Rc2 66.Rxb6 Rxc4 
67.Rb5 Rxa4 68.Rxc5 Kf7 69.e4 Ra1 70.Kf4 a4 71.Rc7+ Kg6 72.Ra7 a3 73.Ke5 
a2 74.g4 Rg1 75.h5+ Kh6 76.Ra6+ g6 77.Rxa2 Rxg4 78.hxg6 Kxg6 79.Ra7 Rg1 
80.Ke6 Rb1 81.Ra6 Kg7 82.e5 Rb7 83.Ra1 Rb6+ 84.Kd7 Rb7+ 85.Kc6 Rb2 86.Rf1 
Ra2 87.Rc1 Kf7 1/2-1/2

[Event "41st POL-ch"]
[Site "Poznan POL"]
[Date "1984.02.??"]
[Round "14"]
[White "Swic, Waldemar"]
[Black "Ksieski, Zbigniew"]
[Result "0-1"]
[WhiteElo "2365"]
[BlackElo "2400"]
[EventDate "1984.02.12"]
[PlyCount "54"]

1.e4 c5 2.Nf3 d6 3.d4 cxd4 4.Nxd4 Nf6 5.Nc3 Nc6 6.Be2 e6 7.Be3 Be7 8.f4 
O-O 9.Qd2 e5 10.Nf3 exf4 11.Bxf4 Be6 12.Ng5 d5 13.e5 Nd7 14.Nxe6 fxe6 15.
Bg4 d4 16.Ne2 Bb4 17.Bxe6+ Kh8 18.c3 dxc3 19.bxc3 Ndxe5 20.O-O-O Ba3+ 21.
Kb1 Qb6+ 22.Ka1 Rad8 23.Qc2 Nd3 24.Rb1 Ncb4 25.Rxb4 Bxb4 26.Bg5 Qxe6 27.
Bxd8 Rf2 0-1

[Event "41st POL-ch"]
[Site "Poznan POL"]
[Date "1984.02.??"]
[Round "14"]
[White "Staniszewski, Piotr"]
[Black "Stempin, Pawel"]
[Result "1/2-1/2"]
[WhiteElo "2405"]
[BlackElo "2400"]
[EventDate "1984.02.12"]
[PlyCount "62"]

1.d4 Nf6 2.c4 e6 3.g3 c5 4.d5 exd5 5.cxd5 d6 6.Nc3 g6 7.Bg2 Bg7 8.Nf3 O-O 
9.O-O Re8 10.Nd2 a6 11.a4 Nbd7 12.h3 Rb8 13.Nc4 Nb6 14.Na3 Bd7 15.a5 Nc8 
16.Nc4 Bb5 17.Qb3 Bxc4 18.Qxc4 Nd7 19.Bd2 Ne7 20.e4 Ne5 21.Qe2 f5 22.f4 
Nf7 23.Qd3 Qd7 24.Rfe1 fxe4 25.Rxe4 Nf5 26.Rae1 Nd4 27.Rxe8+ Rxe8 28.Ne4 
Rc8 29.Bc3 Qb5 30.Qd1 Rd8 31.h4 Qc4 1/2-1/2

[Event "41st POL-ch"]
[Site "Poznan POL"]
[Date "1984.02.??"]
[Round "15"]
[White "Pokojowczyk, Jerzy"]
[Black "Sznapik, Aleksander"]
[Result "1/2-1/2"]
[WhiteElo "2370"]
[BlackElo "2460"]
[EventDate "1984.02.12"]
[PlyCount "36"]

1.e4 e5 2.Nf3 Nc6 3.Bb5 a6 4.Ba4 Nf6 5.O-O Be7 6.Re1 b5 7.Bb3 d6 8.c3 O-O 
9.h3 Na5 10.Bc2 c5 11.d4 Qc7 12.Nbd2 cxd4 13.cxd4 Nc6 14.Nb3 a5 15.Be3 a4 
16.Nbd2 exd4 17.Nxd4 Nxd4 18.Bxd4 Be6 1/2-1/2

[Event "41st POL-ch"]
[Site "Poznan POL"]
[Date "1984.02.??"]
[Round "15"]
[White "Adamski, Jan"]
[Black "Swic, Waldemar"]
[Result "1/2-1/2"]
[WhiteElo "2460"]
[BlackElo "2365"]
[EventDate "1984.02.12"]
[PlyCount "82"]

1.c4 Nf6 2.Nc3 c6 3.d4 d5 4.Nf3 g6 5.cxd5 Nxd5 6.e4 Nc7 7.h3 Bg7 8.Be2 O-O
9.O-O Nd7 10.Bf4 Nb6 11.Qd2 Be6 12.Rad1 Bc4 13.Qc2 Ne6 14.Be3 Qd6 15.d5 
Bxe2 16.Qxe2 cxd5 17.e5 Qb8 18.Bxb6 axb6 19.Nxd5 Rxa2 20.Nxe7+ Kh8 21.Nd5 
Qa7 22.Nc3 Ra5 23.b4 Ra3 24.Qb2 Qa6 25.Rd6 Rc8 26.Rxb6 Qxb6 27.Qxa3 Qc6 
28.Ne2 Qb5 29.Rc1 Rxc1+ 30.Nxc1 Bxe5 31.Nd3 Bf6 32.Qb3 Kg7 33.Qc2 Qd5 34.
Kf1 b5 35.Kg1 h5 36.Kf1 g5 37.Qe2 Qc4 38.Kg1 Kf8 39.Nfe1 g4 40.hxg4 hxg4 
41.Nc2 Nd4 1/2-1/2

[Event "41st POL-ch"]
[Site "Poznan POL"]
[Date "1984.02.??"]
[Round "15"]
[White "Dejkalo, Stefan"]
[Black "Schmidt, Wlodzimierz"]
[Result "1/2-1/2"]
[WhiteElo "2335"]
[BlackElo "2485"]
[EventDate "1984.02.12"]
[PlyCount "38"]

1.c4 g6 2.Nc3 c5 3.g3 Bg7 4.Bg2 Nc6 5.Rb1 Rb8 6.a3 a6 7.b4 cxb4 8.axb4 b5 
9.cxb5 axb5 10.Nf3 e5 11.e4 Nge7 12.O-O O-O 13.d3 d6 14.Be3 Nd4 15.Bxd4 
exd4 16.Nd5 Nxd5 17.exd5 Bb7 18.Nd2 Rc8 19.Nb3 Rc3 1/2-1/2

[Event "41st POL-ch"]
[Site "Poznan POL"]
[Date "1984.02.??"]
[Round "15"]
[White "Sydor, Andrzej"]
[Black "Staniszewski, Piotr"]
[Result "1/2-1/2"]
[WhiteElo "2395"]
[BlackElo "2405"]
[EventDate "1984.02.12"]
[PlyCount "48"]

1.d4 Nf6 2.Nf3 e6 3.e3 b6 4.Bd3 Bb7 5.O-O c5 6.b3 Be7 7.Bb2 O-O 8.Nbd2 Nc6
9.c4 Rc8 10.Rc1 Re8 11.e4 cxd4 12.Nxd4 Nxd4 13.Bxd4 d6 14.Rc3 e5 15.Be3 d5
16.exd5 Nxd5 17.Bxh7+ Kxh7 18.Rd3 Kg8 19.cxd5 Ba6 20.Nc4 Rxc4 21.bxc4 Bxc4
22.Qc2 Bxd3 23.Qxd3 Qd7 24.Rd1 Bd6 1/2-1/2

[Event "41st POL-ch"]
[Site "Poznan POL"]
[Date "1984.02.??"]
[Round "15"]
[White "Bany, Jerzy"]
[Black "Zolnierowicz, Krzysztof"]
[Result "1/2-1/2"]
[WhiteElo "2430"]
[BlackElo "2330"]
[EventDate "1984.02.12"]
[PlyCount "27"]

1.Nf3 d5 2.d4 c5 3.c4 e6 4.cxd5 exd5 5.g3 Nc6 6.Bg2 Nf6 7.O-O Be7 8.Nc3 
O-O 9.dxc5 Bxc5 10.Na4 Be7 11.Be3 Ne4 12.Rc1 Qa5 13.a3 Bg4 14.Nd4 1/2-1/2